300 Cấu trúc ngữ pháp cơ bản tiếng Hàn

Cuốn sách được biên soạn dựa trên giáo trình giảng dạy của đại học Yonsei Hàn Quốc được sắp xếp hệ thống, chính xác, đầy đủ và khoa học các kiến thức cơ bản về ngữ pháp tiếng Hàn.

Gespeichert in:
Bibliographische Detailangaben
1. Verfasser: Lê, Huy Khoa
Weitere Verfasser: Shim, Kook Yun
Format: Buch
Sprache:Undetermined
Veröffentlicht: H. Hồng Đức 2016
Schlagworte:
Online Zugang:http://lrc.tdmu.edu.vn/opac/search/detail.asp?aID=2&ID=29963
Tags: Tag hinzufügen
Keine Tags, Fügen Sie den ersten Tag hinzu!
Thư viện lưu trữ: Trung tâm Học liệu Trường Đại học Thủ Dầu Một
LEADER 00977nam a2200217Ia 4500
001 TDMU_29963
008 210410s9999 xx 000 0 und d
082 |a 495.7 
090 |b L250 
100 |a Lê, Huy Khoa 
245 0 |a 300 Cấu trúc ngữ pháp cơ bản tiếng Hàn 
245 0 |c Lê Huy Khoa (ch.b), Shim Kook Yun (hiệu đính) 
260 |a H. 
260 |b Hồng Đức 
260 |c 2016 
300 |a 255tr. 
520 |a Cuốn sách được biên soạn dựa trên giáo trình giảng dạy của đại học Yonsei Hàn Quốc được sắp xếp hệ thống, chính xác, đầy đủ và khoa học các kiến thức cơ bản về ngữ pháp tiếng Hàn. 
650 |a Tiếng Hàn  |x Ngữ pháp 
700 |a Shim, Kook Yun 
856 |u http://lrc.tdmu.edu.vn/opac/search/detail.asp?aID=2&ID=29963 
980 |a Trung tâm Học liệu Trường Đại học Thủ Dầu Một